Acid denaturation of aspergillus niger glucoamylase and structural transitions induced by various alcohols and polyols /
Saved in:
| 主要作者: | |
|---|---|
| 格式: | Thesis 圖書 |
| 語言: | English |
| 出版: |
2013.
|
| 主題: | |
| 在線閱讀: | http://studentsrepo.um.edu.my/id/eprint/4245 |
| 標簽: |
添加標簽
沒有標簽, 成為第一個標記此記錄!
|
| LEADER | 01262cam a2200301 a 4500 | ||
|---|---|---|---|
| 001 | u986532 | ||
| 003 | SIRSI | ||
| 005 | 201401021427 | ||
| 008 | 140102s2013 my a t 000 0 eng m | ||
| 040 | |a UMM |d AUM |e rda | ||
| 090 | |a QH302 |b UMP 2013 Zar | ||
| 100 | 1 | |a Zaroog, Mohammed Suleiman Mohammed. | |
| 245 | 1 | 0 | |a Acid denaturation of aspergillus niger glucoamylase and structural transitions induced by various alcohols and polyols / |c Mohammed Suleiman Mohammed Zaroog |
| 260 | |c 2013. | ||
| 300 | |a xxvi, 160 [1] leaves : |b ill. ; |c 30 cm | ||
| 502 | |a Thesis (Ph.D) -- Institut Sains Biologi, Fakulti Sains, Universiti Malaya, 2012. | ||
| 504 | |a Bibliography: leaves 143-157 | ||
| 530 | |a Issues also in CD. | ||
| 650 | 0 | |a Proteins |x Denaturation. | |
| 650 | 0 | |a Immobilized proteins | |
| 650 | 0 | |a Coagulation. | |
| 650 | 0 | |a Amylases |x Synthesis. | |
| 710 | 2 | |a Universiti Malaya. |b Institut Sains Biologi. | |
| 856 | 4 | 1 | |u http://studentsrepo.um.edu.my/id/eprint/4245 |
| 900 | |a ZA | ||
| 596 | |a 1 25 | ||
| 999 | |a QH302 UMP 2013 ZAR |w LC |c 1 |i A515702437 |d 9/3/2016 |e 9/3/2016 |f 24/2/2015 |g 1 |l STACKS |m P01UTAMA |n 1 |r Y |s Y |t TESIS |u 23/2/2015 | ||
| 999 | |a QH302 UMP 2013 ZAR |w LC |c 1 |i A515869508 |f 15/11/2022 |g 1 |l STACKS |m P25UMARCHI |r N |s Y |t CD |u 28/7/2015 |1 STEM |o .STAFF. MST-CD1127 | ||
